Richest Countries (A-Z) Quiz Stats

 Plays Quiz Updated Jun 22, 2017

Support Sporcle.
Go Orange.
Score 0/24 Timer 04:00
0 Plays Today
Letter Country % Correct
UUnited Arab Emirates
90.6%
QQatar
84%
GGermany
83%
JJapan
81.5%
CCanada
80.4%
YYemen
80.3%
DDenmark
78.3%
FFinland
76.6%
OOman
73.7%
ZZambia
72.9%
RRussia
72.1%
AAndorra
71.6%
Letter Country % Correct
NNorway
70.9%
IIreland
62.6%
VVenezuela
62.1%
MMonaco
62%
LLiechtenstein
56.5%
PPortugal
54.4%
HHungary
54.1%
KKuwait
46.9%
SSingapore
43.9%
BBrunei
33.7%
TTaiwan
30.7%
EEquatorial Guinea
13.7%

You're not logged in!

Compare scores with friends on all Sporcle quizzes.
OR
Log In
Forgot?

From the Vault

More Than One Term Presidential Minefield

by Stanford0008

The longer the term, the more memorable the president...?
Remove Ads.
Support Sporcle.
Get the best of Sporcle when you Go Orange. This ad-free experience offers more features, more stats, and more fun while also helping to support Sporcle. Thank you for becoming a member.

Show Comments

Extras

Top Quizzes Today


Score Distribution

Your Account Isn't Verified!

In order to create a playlist on Sporcle, you need to verify the email address you used during registration. Go to your Sporcle Settings to finish the process.

Report this User

Report this user for behavior that violates our Community Guidelines.

Details: